002590000a220007300045001000019000002450082000193000037001017730047001381 aBibb, Bryan D.10aNabad and Abihu attempt to fill a gap : Law and narrative in Leviticus 10.1-7 aNúm 96 (2001), Páginas 83-990 tJournal for the Study of the Old Testament